| 000 | 01480nam a2200361 a 4500 | ||
|---|---|---|---|
| 001 | 000011554 | ||
| 005 | 20200929162505.0 | ||
| 008 | 091020s1973 ag ac r 000 0bspa | ||
| 040 |
_aDO-SdBNP _bspa _cBNPHU |
||
| 041 | 1 | 7 |
_aspa _hpol _2Código de idioma MARC |
| 082 |
_a925.25 _bB588N |
||
| 100 | 1 |
_aBienkowska, Bárbara, _927351 |
|
| 240 | 1 | 0 |
_aMikolaj Kopernik. W piecsetlecie urodzin, 1473-1973, _lspa |
| 245 | 1 | 0 |
_aNicolás Copérnico : _ben el quinto centenario de su nacimiento, 1473-1973 / _cStanislaw Herbst ...[et. al.] ; traductor, Estanislao J. Zembrzuski ; prólogo, José Babini. |
| 260 |
_aBuenos Aires, Argentina : _bSiglo Ventiuno, _c1973. |
||
| 300 |
_a189 p. : _bil. ; _c23 cm. |
||
| 500 | _aIncluye notas al pie de las páginas. | ||
| 534 |
_pTítulo original en polaco: _tMikolaj Kopernik. W piecsetlecie urodzin, 1473-1973. |
||
| 600 | 1 | 4 |
_aCOPÉRNICO, NICOLÁS, _d1473-1543 _xBIOAGRAFÍAS _927352 |
| 650 | 4 |
_aAstrónomos _927353 |
|
| 650 | 4 |
_aCientíficos de la medicina _927354 |
|
| 650 | 4 |
_aFilósofos polaco _xBioagrafías _927355 |
|
| 700 | 1 |
_aHerbst, Stanislaw _927356 |
|
| 700 | 1 |
_aDobrzycky, Jerzy _927357 |
|
| 700 | 1 |
_aBirkenmajer, Aleksander _927358 |
|
| 700 | 1 |
_aZonn, Wlodzimierz _927359 |
|
| 700 | 1 |
_aInfeld, Leopold _927360 |
|
| 700 | 1 |
_aVoise, Waldemar _927361 |
|
| 700 | 1 |
_aSuchodolski, Bogdan _927362 |
|
| 700 | 1 |
_aLipinski, Edward _927363 |
|
| 700 | 1 |
_aBienkowska, Barbara _927364 |
|
| 700 | 1 |
_aZembzuski, Estanislao J. _ePról. _927365 |
|
| 999 |
_c11249 _d11249 |
||